Tiffany at the World´s Columbian Exposition (Record no. 810)

MARC details
000 -CABECERA
campo de control de longitud fija 00976nam a2200241 a 4500
001 - NÚMERO DE CONTROL
campo de control BRCA_919
005 - FECHA Y HORA DE LA ÚLTIMA TRANSACCIÓN
campo de control 20190320203215.0
008 - DATOS DE LONGITUD FIJA--INFORMACIÓN GENERAL
campo de control de longitud fija 140408s2006----us-o---###---#000-0#eng-#
020 ## - NÚMERO INTERNACIONAL ESTÁNDAR DEL LIBRO
Número Internacional Estándar del Libro 0965133346
050 #4 - SIGNATURA TOPOGRÁFICA DE LA BIBLIOTECA DEL CONGRESO
Número de clasificación NK7398.T5
Número de documento/Ítem .B55 2006
100 1# - ENTRADA PRINCIPAL--NOMBRE DE PERSONA
Nombre de persona Blades, John M.
9 (RLIN) 3042
245 10 - MENCIÓN DE TÍTULO
Título Tiffany at the World´s Columbian Exposition
Mención de responsabilidad, etc. John M. Blades y John Loring.
260 ## - PUBLICACIÓN, DISTRIBUCIÓN, ETC.
Lugar de publicación, distribución, etc. Palm Beach, Florida
Nombre del editor, distribuidor, etc. Henry Morrison Flager Museum : Axxa Art
Fecha de publicación, distribución, etc. 2006
300 ## - DESCRIPCIÓN FÍSICA
Extensión 155 p.
Otras características físicas il. (algunas a color), fotografías
Dimensiones 24 cm.
500 ## - NOTA GENERAL
Nota general Catálogo de la exposición realizada en el Henry Morrison Flager Museum (Palm Beach, Florida), 17 enero - 16 abril, 2006
500 ## - NOTA GENERAL
Nota general Incluye índice de nombres y términos
610 24 - PUNTO DE ACCESO ADICIONAL DE MATERIA--NOMBRE DE ENTIDAD CORPORATIVA
Nombre de entidad corporativa o nombre de jurisdicción como elemento de entrada Tiffany and Co.
Subdivisión de forma Catálogos
Subdivisión general Colecciones de platería
9 (RLIN) 3043
650 14 - PUNTO DE ACCESO ADICIONAL DE MATERIA--TÉRMINO DE MATERIA
Término de materia o nombre geográfico como elemento de entrada Platería
Subdivisión de forma Catálogos
9 (RLIN) 3044
650 14 - PUNTO DE ACCESO ADICIONAL DE MATERIA--TÉRMINO DE MATERIA
Término de materia o nombre geográfico como elemento de entrada Exposición Mundial de Columbia
Subdivisión de forma Catálogos
Subdivisión geográfica Chicago
9 (RLIN) 3045
650 14 - PUNTO DE ACCESO ADICIONAL DE MATERIA--TÉRMINO DE MATERIA
Término de materia o nombre geográfico como elemento de entrada Joyería
9 (RLIN) 2729
700 1# - PUNTO DE ACCESO ADICIONAL--NOMBRE DE PERSONA
Nombre de persona Loring, John
9 (RLIN) 2726
942 ## - ELEMENTOS DE PUNTO DE ACCESO ADICIONAL (KOHA)
Fuente del sistema de clasificación o colocación Library of Congress Classification
Tipo de ítem Koha Libros
Holdings
Estado de retiro Estado de pérdida Estado dañado No para préstamo Localización permanente Ubicación/localización actual Fecha de adquisición Total de préstamos Signatura topográfica completa Código de barras Fecha visto por última vez Precio válido a partir de Tipo de ítem Koha
El ejemplar forma parte de la colección y puede ser consultado según las políticas vigentes.       Biblioteca del Museo Franz Mayer (Rogerio Casas-Alatriste) Biblioteca del Museo Franz Mayer (Rogerio Casas-Alatriste) 26/06/2008   NK7398.T5 .B55 2006 01391 22/03/2019 22/03/2019 Libros